Neue eidechsen aus südwest-Afrika (Registro nro. 9298)

Detalles MARC
000 -CABECERA
Campo de control 005950000a22002050004500
090 ## - CLASIFICACIÓN LOCAL
Colección AR
Consecutivo 00198
041 0# - IDIOMA
Código de idioma para texto/pista de sonido o título separado
100 1# - ASIENTO PRINCIPAL--NOMBRE PERSONAL
Nombre personal Mertens, Robert
245 10 - MENCION DE TITULO
Título Neue eidechsen aus südwest-Afrika
650 14 - ASIENTO SECUNDARIO DE MATERIA - TERMINO TEMATICO
Término temático o nombre geográfico como elemento de entrada Fauna
650 14 - ASIENTO SECUNDARIO DE MATERIA - TERMINO TEMATICO
Término temático o nombre geográfico como elemento de entrada Reptiles
650 14 - ASIENTO SECUNDARIO DE MATERIA - TERMINO TEMATICO
Término temático o nombre geográfico como elemento de entrada Herpetología
650 14 - ASIENTO SECUNDARIO DE MATERIA - TERMINO TEMATICO
Término temático o nombre geográfico como elemento de entrada Nuevas especies
653 ## - TERMINO DE INDIZACION - NO CONTROLADO
-- Eremias
-- Eremias undata
653 ## - TERMINO DE INDIZACION - NO CONTROLADO
-- Pachydactylus
-- Pachydactylus punctata
653 ## - TERMINO DE INDIZACION - NO CONTROLADO
-- Mabuya
-- Mabuya hoeschi
653 ## - TERMINO DE INDIZACION - NO CONTROLADO
-- Mabuya
-- Mabuya striata
773 1# - Item fuente:
Título Senckenbergiana Biologica
Especificación de materiales 2
Descripción física 4-6
Paginas del Articulo 175-182
Lugar, editorial y fecha de publicación 1954
Información sobre la relación 34
942 ## - ELEMENTOS ADICIONALES (KOHA)
Tipo de ítem Artículo
Existencias
Withdrawn status Lost status Damaged status No para préstamo Colección Ubicación Permanente Ubicación actual Fecha de adquisición Datos de publicación Seriada Total Checkouts Número topográfico Inventario / Código de Barras Date last seen Ejemplar Price effective from Forma de adquisición Tipo de material
      No para Préstamo Hemeroteca Bogotá Bogotá 27/02/2015 Fuera de circulación   AR 00198 010437 25/03/2015 1 25/03/2015   Artículo